000 00282nam a2200121 a 4500
008 101027s1964|||| d
245 1 0 _aJa musím byť zbojník
100 1 _aMilota, Vlastimil
260 _bVPL
_aBratislava
_c1964
020 _c11
041 _aslo
044 _axo
_cSK
999 _c12367
_d12367